Statystyki dla Sobel - Wszystkie utwory

Kliknij tutaj aby rozwiązać quiz!

Ogólne statystyki

  • Ten quiz został rozwiązany 166 razy
    (48 od ostatniego zresetowania)
  • Średni wynik to 19 z 53

Statystyki odpowiedzi

Album/Mixtape, ew. FeatWyświetleniaJeśli nie słuchałeś polecam% Poprawnych
106 985 298Impreza
86%
43 846 176Bandyta
84%
83 476 878Fiołkowe pole
79%
Pułapka na motyle47 111 762Kinol
74%
Sanah106 975 451"Cześć, jak się masz?"
72%
Kontrast59 203 510Każdego dnia
65%
Magiera60 410 077Drobna zabawa
60%
7 850 085Pull Up
60%
29 418 238Alien
53%
Deemz, Oki9 615 140Rutyna
53%
11 341 248Biznes
51%
Michał Szczygieł39 748 656Daj mi znać
51%
Young igi15 880 008Nie Teraz
51%
10 946 787To ja
51%
3 216 876Zaczarowany mózg
51%
2 211 404Presja
47%
Skip26 090 753Presja
47%
Gedz4 687 475Restart
47%
139 268[Re]start
47%
65 711 716Wyglądasz tak pięknie
47%
7 136 991Gruby Temat
44%
9 180 889Patologiczny zew
42%
5 216 896Piękni ludzie
42%
628 968Szczury
42%
6 801 846Kapie Deszcz
40%
16 562 714Kocham Cię Mamo.
40%
6 176 458Puzzle
40%
2 767 774Dopiski
37%
17 371 727Chcę żyć
33%
4 210 045Dosyć Łez
33%
2 379 475Jeden mały problem
33%
14 501 170Padam na ryj
33%
2 002 490Tajne info
33%
Siles1 978 792Tajne info
33%
Frosti rege1 389 130Porysowany
30%
Oki3 907 304Pobudka
28%
Reupload27 528Batman
12%
692 947DRAMA
9%
326 775LIDER
9%
Reupload211 688Nie śpię
9%
1 320 987ZNIKNIEMY
9%
Reupload7442Błysk
7%
Reupload610 708Jeszcze raz
7%
58 000KWIATUSZEK
7%
106 306MAMY CZAS
7%
Reupload, Wzór27 612Na serio
7%
Reupload37 635Wiesz
7%
205 940Dyktator
5%
Reupload39 587Krzyki
5%
226 873NIEWYCZERPANY
5%
Reupload52 970Wyrzucaj tę kosmitkę
5%
El Czino ft. Sobel55 001Za światłem
5%
Reupload16 548Żywy
5%

Rozkład punktacji

Percentyl według liczby udzielonych odpowiedzi

Procent ludzi z każdym wynikiem

Twoja historia wyników

Nie rozwiązałeś tego quizu od ostatniego zresetowania